000 01150nam0a22003131 4500
001 rc\2276729
005 20110829191323.0
035 _a(NLR Aleph) 006556706
090 _a6799565
_c6799565
100 _a20110829d1979 |||y0rusy50 ca
101 0 _arus
102 _aRU
105 _aa g |||||
200 1 _aСправочник по электробезопасности
_e(В вопр. и ответах)
210 _aМосква
_cМоск. рабочий
_d1979
215 _a165 с.
_cил.
_d16
320 _aБиблиогр.: с. 163 (13 назв.)
606 _aЭлектрические установки промпредприятий
_xЭксплуатация
_xТехника безопасности
_2psbo
686 _aз29-5н65я22
_2rubbk
686 _a31.29
_2rubbk
700 1 _aМаренго
_bА. К.
_gАнатолий Константинович
701 1 _aТилькунов
_bН. А.
_gНиколай Андреевич
801 0 _aRU
_bNLR
_gpsbo
801 1 _aRU
_bELAR
_2rusmarc
852 _aNLR
_j79-2/711
899 _aRuMoRGB
_jB 79-26/169
899 _aRuMoRGB
_jB 79-26/170
942 _cBOOK
980 _aNB